ARRUPE JESUIT UNIVERSITY

CORONAVIRUS -STOP THE SPREAD - CLEAN,DISINFECT,COVER

A game ranger's note book, (Record no. 124048)

MARC details
000 -LEADER
fixed length control field 00909cam a22002531 4500
001 - CONTROL NUMBER
control field 10136135
003 - CONTROL NUMBER IDENTIFIER
control field ARRUPE
005 - DATE AND TIME OF LATEST TRANSACTION
control field 20160205122809.0
008 - FIXED-LENGTH DATA ELEMENTS--GENERAL INFORMATION
fixed length control field 751021s1924 xx 000 0 eng
010 ## - LIBRARY OF CONGRESS CONTROL NUMBER
LC control number 24027432
035 ## - SYSTEM CONTROL NUMBER
System control number (OCoLC)1722843
040 ## - CATALOGING SOURCE
Original cataloging agency DLC
Transcribing agency ViU
Modifying agency OCoLC
-- DLC
042 ## - AUTHENTICATION CODE
Authentication code premarc
050 00 - LIBRARY OF CONGRESS CALL NUMBER
Classification number SK255.K4
Item number P4
300 ## - PHYSICAL DESCRIPTION
Other physical details plates, fold. map.
Dimensions 23 cm.
100 1# - MAIN ENTRY--PERSONAL NAME
Personal name Percival, A. Blayney
Fuller form of name (Arthur Blayney)
9 (RLIN) 21836
245 12 - TITLE STATEMENT
Title A game ranger's note book,
Statement of responsibility, etc by A. Blayney Percival ... ed. by E. D. Cuming, with illustrations from photographs by the author and Mr. Martin Johnson.
260 ## - PUBLICATION, DISTRIBUTION, ETC. (IMPRINT)
Place of publication, distribution, etc London,
Name of publisher, distributor, etc Nisbet and Co. Ltd.
Date of publication, distribution, etc [1924]
300 ## - PHYSICAL DESCRIPTION
Extent xvii, 374 p.
500 ## - GENERAL NOTE
General note Printed in Great Britain.
650 #0 - SUBJECT ADDED ENTRY--TOPICAL TERM
Topical term or geographic name as entry element Hunting
Geographic subdivision Kenya.
9 (RLIN) 21737
700 1# - ADDED ENTRY--PERSONAL NAME
Personal name Cuming, E. D.
Fuller form of name (Edward William Dirom),
Dates associated with a name 1862-1941.
9 (RLIN) 21837
Relator term ed.
906 ## - LOCAL DATA ELEMENT F, LDF (RLIN)
a 7
b cbc
c oclcrpl
d u
e ncip
f 19
g y-gencatlg
942 ## - ADDED ENTRY ELEMENTS (KOHA)
Source of classification or shelving scheme Library of Congress Classification
Koha item type SPC
Holdings
Withdrawn status Lost status Source of classification or shelving scheme Damaged status Not for loan Collection code Home library Current library Shelving location Date acquired Total Checkouts Full call number Barcode Date last seen Price effective from Koha item type
    Library of Congress Classification     SPECIAL Collection ARRUPE LIBRARY ARRUPE LIBRARY Reference 27/01/2016   SPC SK255.K4 P4 46500006135 27/01/2016 27/01/2016 SPC

 

Arrupe Library. PO Box MP320 Mt Pleasant, Harare, Zimbabwe
263 242 745411|librarian@aju.ac.zw